000 00685nam a2200253Ia 4500
003 OSt
005 20220918213431.0
006 a|||||r|||| 00| 0
007 ta
008 220917b |||||||| |||| 00| 0 eng d
024 _a132,707
037 _cTextual
040 _aARTS
_cARTS
_beng
041 _2eng
_aeng
082 _aX61v, L6
100 _aNeale Walter C
_9123927
245 0 _aMonies in socieites
260 _aSan
_bFrancisco Chandler and Sharp
_c1976
300 _avii, 109p.
_ccm.
490 _aChandler and sharp series in cross cultural themes
650 _aECONOMICS
942 _hX61v, L6
_cTEXL
_2CC
999 _c255817
_d255817